'D' Food Pictures Quiz Stats

 Plays Quiz Updated Aug 7, 2015

Also try: 'C' Food Pictures
Challenge
Share
Tweet
Score 0/15 Timer 05:00
15 Plays Today
Column Food % Correct
Donut
99.3%
Dates
90.3%
Duck
86.4%
Dumplings
82.5%
Deviled Eggs
81.7%
Danishes
80.9%
Dill
71%
Dijon Mustard
69.5%
Column Food % Correct
Dragonfruit
69.2%
Daiquiri
66.1%
Deep Dish Pizza
62.2%
Durian
30.5%
Dagwood Sandwich
29.6%
Dolmades
24.5%
Daikon
21.3%

You're not logged in!

Compare scores with friends on all Sporcle quizzes.
Join for Free
OR
Log In

You Might Also Like...

Show Comments

Extras

Top Quizzes Today


Score Distribution

Your Account Isn't Verified!

In order to create a playlist on Sporcle, you need to verify the email address you used during registration. Go to your Sporcle Settings to finish the process.

Report this User

Report this user for behavior that violates our Community Guidelines.

Details: